000 00589nam a2200181 i 4500
001 31331
003 ES-MaACL
005 20230906154348.0
007 t|
008 030128s1969 sp ||||1| spa d
100 1 _aBelakhowsky, S.
_927114
245 1 0 _aCalefacción y climatización /
_cS. Belakhowsky ; prólogo de J. Cl. Daufresne ; [traducido por Manuel Sagardía Valcarce].
260 _aMadrid :
_bParaninfo,
_c[1969]
300 _a430 p. ;
_c22 cm.
700 1 _aDaufresne, J. Cl.
_942813
700 1 _aSagardía Valcarce, Manuel.
_9101404
852 _aES-MaACL
_jC-47330
_bR.68802
999 _c31331
_d31331